000 00655nam a2200217 a 4500
001 73534
003 BD-RjUL
005 20211209082416.0
008 170603s1979 ii a|||| |||| 00| 0 eng d
035 _a(BD-RjUL)73752
040 _aBD-RjUL
_beng
_cBD-RjUL
_d(BD-RjUL)
041 _aeng
082 0 4 _a631.52
_bBHP 1979
_223
100 1 _aBhandari, M. M.
_944474
245 1 _aPracticals in Plant Breeding :
_bA manual cum practical record /
_cby M. M. Bhandari
250 _a2nd ed.
260 _aNew Delhi ;
_aCalcutta :
_bOxford & IBH publishing co.
_c1979.
300 _axiv,228p. :
_bill. ;
_c21cm.
650 0 _aPlant Breeding
_944475
942 _2ddc
_cBK
999 _c73534
_d73534